| 000 | 00000nam##2200000za#4500 |
| 001 | 9.601243 |
| 003 | CaOODSP |
| 005 | 20210624205958 |
| 007 | cr ||||||||||| |
| 008 | 150406|2003||||xxc|||||o f|0| 0 fre|d |
| 040 | |aCaOODSP|bfre |
| 043 | |an-cn--- |
| 086 | 1 |aYC11-0/372-12F-PDF |
| 110 | 1 |aCanada. |bParlement. |bSénat. |bComité sénatorial permanent des banques et du commerce. |
| 245 | 10|aAprès "la tempête du siècle" : |h[ressource électronique]|brétablir la confiance des investisseurs / |cL'honorable E. Leo Kolber, président; L'honorable David Tkachuk, vice-président. |
| 246 | 3 |aRapport du Comité sénatorial permanent des banques et du commerce |
| 260 | |aOttawa - Ontario : |bSénat. |cJuin 2003. |
| 300 | |a97p. |
| 490 | 1 |aRapport du Comité sénatorial permanent des banques et du commerce|v[37e législature, 2e session, 12e rapport] |
| 590 | |a11-12-Supp|b2011-07-29 |
| 775 | 08|tNavigating through "the perfect storm" : |w(CaOODSP)9.570596 |
| 830 | #0|aRapport du Comité sénatorial permanent des banques et du commerce ;|v[37e législature, 2e session, 12e rapport]|w(CaOODSP)9.501661 |
| 856 | 40|ahttp://publications.gc.ca|qPDF|s348 Ko|uhttps://publications.gc.ca/collections/collection_2011/sen/yc11-0/YC11-0-372-12-fra.pdf|y[37e législature, 2e session, 12e rapport] |